ARRUPE JESUIT UNIVERSITY

CORONAVIRUS -STOP THE SPREAD - CLEAN,DISINFECT,COVER

Situation analysis of children and women in Zimbabwe : (Record no. 130040)

MARC details
000 -LEADER
fixed length control field 01132cam a2200289 i 4500
001 - CONTROL NUMBER
control field 18816298
003 - CONTROL NUMBER IDENTIFIER
control field ARRUPE
005 - DATE AND TIME OF LATEST TRANSACTION
control field 20191114105835.0
008 - FIXED-LENGTH DATA ELEMENTS--GENERAL INFORMATION
fixed length control field 151014e201501 rh a b i000 0 eng
010 ## - LIBRARY OF CONGRESS CONTROL NUMBER
LC control number 2014322917
040 ## - CATALOGING SOURCE
Original cataloging agency DLC
Language of cataloging eng
Transcribing agency DLC
Description conventions rda
042 ## - AUTHENTICATION CODE
Authentication code lcode
-- pcc
043 ## - GEOGRAPHIC AREA CODE
Geographic area code f-rh---
050 00 - LIBRARY OF CONGRESS CALL NUMBER
Classification number HC792.Z55
Item number S58 2015
300 ## - PHYSICAL DESCRIPTION
Other physical details color illustrations ;
Dimensions 30 cm
245 00 - TITLE STATEMENT
Title Situation analysis of children and women in Zimbabwe :
Remainder of title an update (2011-2014) /
Statement of responsibility, etc compiled by Marcio A. Carvalho, international consultant, Kudzai Chatiza, national consultant.
246 17 - VARYING FORM OF TITLE
Title proper/short title Update of the situation analysis of children and women in Zimbabwe :
Remainder of title January 2015
260 ## - PUBLICATION, DISTRIBUTION, ETC. (IMPRINT)
Name of publisher, distributor, etc UNICEF
Date of publication, distribution, etc 2015
300 ## - PHYSICAL DESCRIPTION
Extent xxii, 162 pages :
504 ## - BIBLIOGRAPHY, ETC. NOTE
Bibliography, etc Includes bibliographical references (pages 158-162).
650 #0 - SUBJECT ADDED ENTRY--TOPICAL TERM
Topical term or geographic name as entry element Children
Geographic subdivision Zimbabwe
General subdivision Social conditions.
9 (RLIN) 48688
650 #0 - SUBJECT ADDED ENTRY--TOPICAL TERM
Topical term or geographic name as entry element Women
Geographic subdivision Zimbabwe
General subdivision Social conditions.
9 (RLIN) 28524
700 1# - ADDED ENTRY--PERSONAL NAME
Personal name Carvalho, Marcio A.
9 (RLIN) 48689
700 1# - ADDED ENTRY--PERSONAL NAME
Personal name Chatiza, Kudzai.
9 (RLIN) 48690
906 ## - LOCAL DATA ELEMENT F, LDF (RLIN)
a 7
b cbc
c origode
d 3
e ncip
f 20
g y-gencatlg
942 ## - ADDED ENTRY ELEMENTS (KOHA)
Source of classification or shelving scheme Library of Congress Classification
Koha item type Monograph ( Printed materials)
Holdings
Withdrawn status Lost status Source of classification or shelving scheme Damaged status Not for loan Collection code Home library Current library Shelving location Date acquired Total Checkouts Full call number Barcode Date last seen Price effective from Koha item type
    Library of Congress Classification     Main Collection ARRUPE LIBRARY ARRUPE LIBRARY Main Collection 14/11/2019   HC792.Z55 S58 2015 46600005892 14/11/2019 14/11/2019 Monograph ( Printed materials)

 

Arrupe Library. PO Box MP320 Mt Pleasant, Harare, Zimbabwe
263 242 745411|librarian@aju.ac.zw